Contracts and Deals in Islamic Finance: A Users Guide to Cash Flows, Balance Sheets, and Capital Structures (Record no. 13737)
[ view plain ]
| 000 -LEADER | |
|---|---|
| fixed length control field | 00370nam a22001217a 4500 |
| 020 ## - INTERNATIONAL STANDARD BOOK NUMBER | |
| ISBN | 9781119020561 |
| 082 ## - DEWEY DECIMAL CLASSIFICATION NUMBER | |
| Classification number | 332.109 |
| 100 ## - MAIN ENTRY--AUTHOR NAME | |
| Personal name | Hussein Kureshi ; Mohsin Hayat |
| 245 ## - TITLE STATEMENT | |
| Title | Contracts and Deals in Islamic Finance: A Users Guide to Cash Flows, Balance Sheets, and Capital Structures |
| 260 ## - PUBLICATION, DISTRIBUTION, ETC. (IMPRINT) | |
| Place of publication | Singapore |
| Name of publisher | Wiley |
| Year of publication | 2015 |
| 300 ## - PHYSICAL DESCRIPTION | |
| Number of Pages | xxiv, 360 pages |
| 942 ## - ADDED ENTRY ELEMENTS (KOHA) | |
| Koha item type | Books |
| Withdrawn status | Lost status | Collection code | Permanent Location | Current Location | Shelving location | Date acquired | Full call number | Accession Number | Koha item type |
|---|---|---|---|---|---|---|---|---|---|
| | | Finance | MAJU | MAJU | Shelf No.A44 | 2023-03-20 | 332.109 | 10834 | Books |